All Alaska Airlines Destinations (2023) - Statistics

General Stats
  • This quiz has been taken 301 times
    222 since last reset
  • The average score is 80 of 123
Answer Stats
Destinations Answer % Correct
Canada Vancouver
97%
Hawaii Honolulu
95%
California | Costa Rica San Jose
95%
Washington Seattle / Tacoma
93%
Georgia Atlanta
92%
Texas Dallas (DFW)
92%
Texas Dallas (Love Field)
92%
Colorado Denver
92%
Nevada Las Vegas
92%
Massachusetts Boston
91%
Illinois Chicago (O'Hare)
91%
Florida Miami
91%
New York New York (JFK)
91%
Florida Orlando
91%
Arizona Phoenix
91%
Canada Calgary
90%
California Los Angeles
90%
Oregon Portland
90%
Utah Salt Lake City
90%
California San Diego
90%
California San Francisco
90%
Alaska Anchorage
89%
Texas Houston (IAH)
89%
Texas Austin
88%
Mexico Cancun
88%
Michigan Detroit
88%
Minnesota Minneapolis
88%
Louisiana New Orleans
88%
Oklahoma Oklahoma City
88%
Florida Tampa
88%
Canada Edmonton
87%
Missouri Kansas City
87%
Pennsylvania Philadelphia
87%
Indiana Indianapolis
86%
Tennessee Nashville
85%
New Jersey Newark
85%
California Sacramento
85%
Belize Belize City
84%
Ohio Columbus
84%
North Carolina Raleigh / Durham
84%
Texas San Antonio
84%
Wyoming Jackson
83%
Idaho Boise
82%
Ohio Cleveland
82%
Pennsylvania Pittsburgh
82%
Arizona Tucson
82%
New Mexico Albuquerque
81%
Maryland Baltimore (BWI)
81%
Texas El Paso
81%
Missouri St. Louis
81%
Alaska Juneau
79%
Nevada Reno
79%
Virginia Washington (Dulles)
79%
Virginia Washington (Reagan)
79%
Ohio Cincinnati
78%
Florida Fort Lauderdale
77%
South Carolina Charleston
76%
Alaska Fairbanks
76%
Nebraska Omaha
76%
Mexico Guadalajara
74%
Wisconsin Milwaukee
74%
California Monterey
73%
Washington Spokane
73%
Kansas Wichita
72%
Montana Helena
71%
Montana Billings
70%
California Oakland
70%
Oregon Eugene
68%
California Fresno
67%
Mexico San Jose del Cabo
67%
Canada Victoria
63%
Florida Fort Myers
62%
Idaho Idaho Falls
62%
Hawaii Kailua / Kona
62%
California Ontario
60%
California Burbank
59%
California Santa Ana
58%
California Santa Barbara
58%
Montana Bozeman
57%
Costa Rica Liberia
56%
Alaska Barrow
55%
Hawaii Kahului
55%
Montana Missoula
55%
Alaska Nome
55%
Oregon Redmond / Bend
55%
California Palm Springs
54%
Mexico Puerto Vallarta
54%
Hawaii Lihue
53%
Washington Bellingham
47%
Alaska Ketchikan
47%
Oregon Medford
45%
Montana Great Falls
44%
California Redding
42%
California San Luis Obispo
42%
Alaska Sitka
40%
Washington Walla Walla
40%
Washington Yakima
40%
Montana Kalispell
38%
Alaska Kodiak
38%
Washington Everett
37%
California Santa Rosa
37%
Canada Kelowna
35%
Mexico Mazatlan
34%
Mexico Ixtapa / Zihuatanejo
33%
Washington Pasco
32%
Idaho Hailey / Sun Valley
29%
Washington Pullman
29%
Alaska Bethel
28%
Alaska Prudhoe Bay / Deadhorse
27%
Colorado Hayden
25%
Alaska Dillingham
24%
Washington Wenatchee
23%
Alaska Wrangell
22%
Alaska Cordova
21%
Alaska Kotzebue
18%
Alaska Petersburg
18%
Alaska Yakutat
16%
Alaska King Salmon
14%
Mexico Manzanillo
14%
Mexico Loreto
12%
Alaska Adak Island
8%
Alaska Gustavus
8%
No matching quizzes found
Score Distribution
Percent of People with Each Score
Percentile by Number Answered
Your Score History
You have not taken this quiz since the last reset